| 000 | 00876nam a2200217 i 4500 | ||
|---|---|---|---|
| 001 | 50694 | ||
| 003 | ES-MaACL | ||
| 005 | 20230906162224.0 | ||
| 007 | t| | ||
| 008 | 030806m19611964it ||||1| ita d | ||
| 100 | 1 |
_aCurato, Federico. _942198 |
|
| 245 | 1 | 3 |
_aLa questione marocchina e gliaccordi mediterranei italo-spagnoli del 1887 e del 1891 / _cFederico Curato. |
| 260 |
_aMilano : _bEdizioni di Comunita, _c1961-1964. |
||
| 300 |
_a2 v. ; _c23 cm. |
||
| 500 | _aEn la cub.: Centro studi per i popoli extra-europei dell'Universita di Pavia. | ||
| 505 | 8 | _aContiene: v. 1. Sino alla caduta del ministro Moret (14 giugno 1888) -- v. 2. Dal giugno 1888 all'agosto 1896 | |
| 651 | 4 |
_aMarruecos- _xHistoria- _yS.XX. _99031 |
|
| 651 | 4 |
_aItalia- _xRelaciones- _zEspaña. _9160778 |
|
| 651 | 4 |
_aEspaña- _xRelaciones- _zItalia. _9153911 |
|
| 852 |
_aES-MaACL _jP-1029-Ter _bR.50814 |
||
| 999 |
_c50694 _d50694 |
||